000 00845nam a2200325Ia 4500
001 Z_5499
003 CHAP
008 220113s2004 xx 000 0 und d
010 _a168586
020 _a950-24-1031-9
040 _cCHAP
082 _a639.7546 B37
100 _aBarbado, José Luis
_910086
245 _aCría de lombrices : lombricultura /
_cJosé Luis Barbado
260 _aArgentina :
_bAlbatros,
_c2004
300 _a124 p.
440 0 _aMicroemprendimientos (Albatros)
_975511
500 _aEn portada: su empresa de lombricultura
503 _aej.1: C/E
504 _aBibliografía: p. 82 - 83
650 _aHumus
_956902
650 _aLombrices de tierra
_967520
650 _aVermicultura
_9138001
901 _a639.7546 B37
902 _aM
910 _a2004
942 _c1
942 _cc1
999 _c168586
_d168586